[Event "Gilbert Cup"]
[Site "Daventry"]
[Date "2016.07.19"]
[Round "5.3"]
[White "Beda, Salome"]
[Black "Smith, Sarah E"]
[Result "1-0"]
[WhiteElo "1694"]
[BlackElo "1471"]
[PlyCount "71"]
[EventDate "2016.07.17"]
[EventType "team-tourn"]
[EventRounds "5"]
[EventCountry "ENG"]
[SourceTitle "CBM 173 Extra"]
[Source "ChessBase"]
[SourceDate "2016.08.29"]
[SourceVersion "1"]
[SourceVersionDate "2016.08.29"]
[SourceQuality "1"]
[WhiteTeam "France (W)"]
[BlackTeam "Scotland (W)"]
[WhiteTeamCountry "FRA"]
[BlackTeamCountry "SCO"]

1. e4 d5 2. exd5 Qxd5 3. Nc3 Qd8 4. d4 Nf6 5. Nf3 Bg4 6. h3 Bxf3 7. Qxf3 c6 8. Be3 e6 9. Bd3 Nbd7 10. 0-0 Qc7 11. a3 Bd6 12. b4 0-0 13. Ne4 Nd5 14. c4 Nxe3 15. fxe3 e5 16. Qh5 g6 17. Qh6 f5 18. Ng5 Nf6 19. Ne6 Qe7 20. Nxf8 Rxf8 21. c5 Bc7 22. Bc4+ Kh8 23. g4 f4 24. exf4 exf4 25. Rae1 Qg7 26. Qxg7+ Kxg7 27. Re7+ Kh6 28. Rxc7 Ne4 29. Rxb7 Nd2 30. Rc1 f3 31. Rf7 Re8 32. Rc2 Nxc4 33. Rxc4 Re1+ 34. Kf2 Re2+ 35. Kxf3 Ra2 36. Rxa7 1-0

[Event "Gilbert Cup"]
[Site "Daventry"]
[Date "2016.07.18"]
[Round "3.9"]
[White "Wei, Naomi"]
[Black "Beda, Salome"]
[Result "1-0"]
[WhiteElo "1750"]
[BlackElo "1694"]
[PlyCount "53"]
[EventDate "2016.07.17"]
[EventType "team-tourn"]
[EventRounds "5"]
[EventCountry "ENG"]
[SourceTitle "CBM 173 Extra"]
[Source "ChessBase"]
[SourceDate "2016.08.29"]
[SourceVersion "1"]
[SourceVersionDate "2016.08.29"]
[SourceQuality "1"]
[WhiteTeam "England (W)"]
[BlackTeam "France (W)"]
[WhiteTeamCountry "ENG"]
[BlackTeamCountry "FRA"]

1. d4 d5 2. c4 e6 3. Nc3 Nf6 4. cxd5 exd5 5. Bg5 Be7 6. e3 c6 7. Bd3 Nbd7 8. Qc2 0-0 9. Nf3 Re8 10. 0-0 Nf8 11. h3 h6 12. Bf4 Be6 13. Rab1 Bd6 14. Bxd6 Qxd6 15. b4 a6 16. Na4 a5 17. b5 Reb8 18. bxc6 bxc6 19. Ne5 Bd7 20. Nb6 Ra7 21. Nbxd7 N8xd7 22. Qxc6 Qxc6 23. Nxc6 Rxb1 24. Rxb1 Ra8 25. Rb5 a4 26. Ne7+ Kf8 27. Nxd5 1-0

[Event "FRA-ch U16 Girls"]
[Site "Pau"]
[Date "2015.04.27"]
[Round "4"]
[White "Broly, Mathilde"]
[Black "Beda, Salome"]
[Result "1-0"]
[WhiteElo "1885"]
[BlackElo "1769"]
[PlyCount "91"]
[EventDate "2015.04.26"]
[EventType "swiss"]
[EventRounds "9"]
[EventCountry "FRA"]
[SourceTitle "CBM 166 Extra"]
[Source "ChessBase"]
[SourceDate "2015.06.18"]
[SourceVersion "1"]
[SourceVersionDate "2015.06.18"]
[SourceQuality "1"]

1. d4 d5 2. c4 e6 3. Nf3 Nf6 4. g3 Be7 5. Bg2 0-0 6. 0-0 c5 7. Ne5 Nc6 8. e3 Qc7 9. Nxc6 bxc6 10. Qc2 Rd8 11. Rd1 cxd4 12. exd4 c5 13. dxc5 Bxc5 14. Nc3 Bb7 15. cxd5 Nxd5 16. Nxd5 Bxd5 17. Be3 Rac8 18. Rac1 Bb6 19. Bxb6 Qxc2 20. Rxc2 axb6 21. Rxc8 Rxc8 22. Bxd5 exd5 23. Rxd5 Kf8 24. Rb5 Rc6 25. Kg2 Ke7 26. Kf3 Re6 27. Rd5 Ke8 28. Rd4 Ke7 29. Re4 b5 30. Ke3 Kd6 31. Rxe6+ fxe6 32. Kd4 e5+ 33. Ke4 g6 34. b4 Ke6 35. f3 g5 36. h4 h6 37. h5 Kf6 38. g4 Ke6 39. a3 Kd6 40. Kf5 Kd5 41. Kg6 Ke6 42. Kxh6 Kf6 43. Kh7 Kf7 44. h6 Kf6 45. Kg8 Kg6 46. h7 1-0

[Event "FRA-ch U14 Girls"]
[Site "Saint Paul Trois Chateaux"]
[Date "2013.05.03"]
[Round "6"]
[White "Beda, Salome"]
[Black "Ruth, Katarina"]
[Result "1-0"]
[WhiteElo "1639"]
[BlackElo "1502"]
[PlyCount "137"]
[EventDate "2013.04.28"]
[EventType "swiss"]
[EventRounds "9"]
[EventCountry "FRA"]
[SourceTitle "CBM 154 Extra"]
[Source "ChessBase"]
[SourceDate "2013.06.25"]
[SourceVersion "2"]
[SourceVersionDate "2013.06.25"]
[SourceQuality "1"]

1. e4 c5 2. c3 Nf6 3. e5 Nd5 4. d4 cxd4 5. Nf3 d6 6. cxd4 Nc6 7. Bc4 Nb6 8. Bb5 d5 9. h3 Bf5 10. Nc3 e6 11. 0-0 Be7 12. Be3 0-0 13. Rc1 Rc8 14. Na4 Nxa4 15. Qxa4 Qb6 16. Bd2 a6 17. Bxc6 bxc6 18. b3 Bd3 19. Rfe1 Bb5 20. Qa5 Qxa5 21. Bxa5 c5 22. Bb6 cxd4 23. Nxd4 Bd7 24. Bc7 Bg5 25. Rc2 Rfe8 26. Rf1 Bd8 27. Bd6 Rxc2 28. Nxc2 Bb6 29. Rd1 Rc8 30. Nd4 f6 31. Kh2 Bxd4 32. Rxd4 a5 33. Rd2 Kf7 34. g3 Rc6 35. Bb8 Rc8 36. Bd6 Rc6 37. h4 Rc8 38. g4 h6 39. Kg3 Rc3+ 40. f3 Bc6 41. Rd4 Bd7 42. exf6 gxf6 43. Rf4 Kg7 44. g5 e5 45. Rxf6 e4 46. Be5 Rc8 47. Rd6+ Kf7 48. Rf6+ Kg7 49. Rxh6+ Kf7 50. Rf6+ Kg8 51. fxe4 Re8 52. Rg6+ Kf8 53. Bd6+ Kf7 54. Rf6+ Kg7 55. h5 dxe4 56. h6+ Kh7 57. Rf7+ Kg6 58. Rxd7 Kxg5 59. Bf4+ Kg6 60. Be3 Rf8 61. Rg7+ Kf5 62. h7 Rh8 63. Rg5+ Kf6 64. Rh5 Kg6 65. Rh6+ Kf7 66. Bd4 Rd8 67. h8Q Rxh8 68. Rxh8 Ke6 69. Kf4 1-0

[Event "FRA-ch U14 Girls"]
[Site "Saint Paul Trois Chateaux"]
[Date "2013.05.02"]
[Round "5"]
[White "Bartels, Karina"]
[Black "Beda, Salome"]
[Result "1-0"]
[WhiteElo "1485"]
[BlackElo "1639"]
[PlyCount "117"]
[EventDate "2013.04.28"]
[EventType "swiss"]
[EventRounds "9"]
[EventCountry "FRA"]
[SourceTitle "CBM 154 Extra"]
[Source "ChessBase"]
[SourceDate "2013.06.25"]
[SourceVersion "2"]
[SourceVersionDate "2013.06.25"]
[SourceQuality "1"]

1. e4 e6 2. b3 d5 3. Bb2 Nf6 4. e5 Nfd7 5. Qg4 c5 6. f4 Nc6 7. Nf3 Ne7 8. Be2 Nf5 9. Na3 a6 10. c3 b5 11. Nc2 Bb7 12. Qh3 Be7 13. d4 Nf8 14. g3 Ng6 15. Kf2 c4 16. Rag1 a5 17. Ne3 Bc8 18. Qf1 b4 19. bxc4 dxc4 20. Bxc4 Nxe3 21. Kxe3 Qb6 22. cxb4 Bxb4 23. Qe2 Bb7 24. Rb1 Qa7 25. Rhc1 0-0 26. Kf2 a4 27. a3 Ba5 28. Qd3 Bb6 29. Rd1 Rfd8 30. Qe3 Ne7 31. Rd2 Nf5 32. Qe2 Bxf3 33. Kxf3 Bxd4 34. Rbd1 h6 35. Qe4 Bb6 36. Rxd8+ Rxd8 37. Rxd8+ Bxd8 38. Qd3 Qb7+ 39. Kg4 Bb6 40. Qc3 Bd4 41. Qd2 Qxb2 42. Qxb2 Bxb2 43. Bb5 Bxa3 44. Bxa4 g6 45. Kf3 Bc5 46. Kg2 Kf8 47. Bb3 Ke7 48. Ba2 Kd7 49. Bb3 Ng7 50. Bc2 Kc6 51. Be4+ Kb5 52. Kf1 Kc4 53. Bc6 Kd3 54. Bb5+ Ke4 55. Bc6+ Kf5 56. Kg2 g5 57. Kf3 gxf4 58. gxf4 Ba3 59. Be4# 1-0

[Event "Syre Memorial op 34th"]
[Site "Issy les Moulineaux"]
[Date "2011.06.05"]
[Round "6"]
[White "Veron, Cyprien"]
[Black "Beda, Salome"]
[Result "1-0"]
[WhiteElo "2069"]
[BlackElo "1430"]
[PlyCount "49"]
[EventDate "2011.06.03"]
[EventType "swiss"]
[EventRounds "6"]
[EventCountry "FRA"]
[SourceTitle "EXT 2012"]
[Source "ChessBase"]
[SourceDate "2011.11.24"]
[SourceVersion "1"]
[SourceVersionDate "2011.11.24"]
[SourceQuality "1"]

1. Nf3 e6 2. c4 c5 3. d4 Nf6 4. d5 exd5 5. cxd5 d6 6. Nc3 Be7 7. e4 Nbd7 8. Be2 0-0 9. 0-0 Re8 10. Qc2 Nf8 11. h3 Ng6 12. Nh2 a6 13. a4 Bd7 14. Ra3 Qc8 15. a5 Bd8 16. f4 b6 17. axb6 Bxb6 18. Bc4 Qb7 19. g4 h6 20. Qg2 Bd8 21. Re1 Qb4 22. Qe2 a5 23. Rb3 Qxb3 24. Bxb3 Rb8 25. Bc4 1-0